Breve historia de la filosofía
Bewaard in:
| Hoofdauteur: | |
|---|---|
| Formaat: | Boek |
| Taal: | Spaans |
| Gepubliceerd in: |
Santiago
Catalonia
2005
|
| Editie: | 1a. ed |
| Onderwerpen: | |
| Tags: |
Voeg label toe
Geen labels, Wees de eerste die dit record labelt!
|
MARC
| LEADER | 00000cam a2200000 a 4500 | ||
|---|---|---|---|
| 001 | UCK6408 | ||
| 003 | CL-VaPUC | ||
| 005 | 20240827104802.0 | ||
| 008 | 050930e20050000CL |||||||||||||||||spa|d | ||
| 999 | |c 314695 |d 314693 | ||
| 020 | |a 9568303235 | ||
| 040 | |c Pontificia Universidad Católica de Valparaíso | ||
| 082 | 0 | 4 | |a 109 |b GIA |2 21 |
| 100 | |a Giannini Iñiguez, Humberto |e autor |9 582349 | ||
| 245 | 1 | 0 | |a Breve historia de la filosofía |
| 250 | |a 1a. ed | ||
| 260 | |a Santiago |b Catalonia |c 2005 | ||
| 300 | |a 434 p | ||
| 583 | |a last modification |c 20170705 10:58:05 |k Rodrigo Vera | ||
| 650 | 0 | |a Historia |x Filosofía |9 860696 | |
| 650 | 0 | |a Escuelas filosóficas |9 266232 | |
| 650 | 0 | |a Metafísica |9 265649 | |
| 942 | |c BK |2 ddc | ||
| 945 | |d 20050930 00:00:00 |a cmena | ||
| 952 | |0 0 |1 0 |4 0 |6 109_000000000000000_GIA_2005 |7 0 |8 A |9 387361 |a BIBTEO |b BIBTEO |d 2019-11-22 |i 4169662 |o 109 GIA 2005 |p 4169662 |r 2025-01-17 |w 2019-11-22 |y BK |k ICR | ||
| 952 | |0 0 |1 0 |3 erb |4 0 |6 109_000000000000000_GIA_2005 |7 0 |8 R |9 387363 |a BIBGIM |b BIBGIM |i 5406307 |o 109 GIA 2005 |p 5406307 |r 2025-01-15 |w 2019-11-22 |y BK_R |z Catalogado en:20170709 |k SSL | ||